Actinium's Anniversary - Statistics

General Stats
  • This quiz has been taken 2 times
  • The average score is 34 of 47
Answer Stats
Quiz Hint Answer % Correct
States That Border Tennessee A state that borders Tennessee that starts with A Alabama | Arkansas
100%
Central America and Caribbean Quiz A country that starts with A Antigua and Barbuda
100%
Countries Without The Letter "A" A country in Central America without the letter "A" Belize | Mexico
100%
Country Crazy A country in Asia with no A in its name Brunei | Cyprus | Philippines | Timor-Leste | Turkey | Yemen
100%
Biggest Things - Geography Biggest Caribbean Country Cuba
100%
The Easiest Quiz In Existence 5 How do you spell easy? Easy
100%
Islands In Oceania Name an island that starts with F F. S. Micronesia | Fiji | French Polynesia
100%
Misleading Periodic Table Symbols Its symbol is "Fe" Iron
100%
Islands In The Caribbean Name an island that starts with J Jamaica
100%
Countries That Border China A country that borders China that starts with the letter K Kazakhstan | Kyrgyzstan
100%
Countries That Border Russia A country that borders Russia that starts with the letter L Latvia | Lithuania
100%
Country Crazy 2 A country that is double-landlocked Liechtenstein | Uzbekistan
100%
Top 20 Smallest Countries (Population, 2024) The number six country Marshall Islands
100%
States That Start With M Name a state that starts with Mo Montana
100%
Harry Potter Characters By Initials N. L. Neville Longbottom
100%
Countries That Border Brazil A country that borders Brazil that starts with "P" Paraguay | Peru
100%
Phineas and Ferb Quiz The first episode Rollercoaster
100%
Periodic Table Elements By Symbol Seaborgium's symbol Sg
100%
Top 20 Biggest Countries (Area) The number three country United States | China
100%
The Easiest Quiz In Existence 3 What letter comes after W? X
100%
Backwards Countries Type "Norway" backwards yawroN
100%
Scrambled Periodic Table Elements maimeruci Americium
50%
Oceania Island Capitals Samoa's capital Apia
50%
States By Their Capitals Maine's capital Augusta
50%
Nicktoons Quiz (2000s) It ran from 2005-2008 Avatar: The Last Airbender
50%
Easy Capitals Iraq's capital Baghdad
50%
Quick Quiz Main character of the strip "Peanuts" Charlie Brown
50%
The Easiest Quiz In Existence: Christmas How do you spell Christmas? Christmas
50%
Longest Country Names A country with 28 letters Democratic Republic of the Congo
50%
Nicktoons Quiz (1990s) It ran from 1991-1994 Doug
50%
Top 20 Biggest Countries (Population, 2024) The number ten country Ethiopia
50%
20 Most Popular Holidays 12% say this is their favorite holiday Independence Day | New Year's Day | New Year's Eve
50%
Top 10 Oldest U.S. Presidents At Death He was 85 years old James Madison
50%
The Easiest Quiz In Existence 4 Which state only has one border? Maine
50%
Top 20 Least Guessed U.S. States Only 59% guessed it Missouri
50%
Old Names For Elements It used to be named Ununtrium Nihonium
50%
Countries With Less Than One Million People Any country with less than 20,000 people Palau | Nauru | Tuvalu | Vatican City
50%
Finish The Christmas Song There's a tree in the Grand Hotel, one in the ____ as well park
50%
Words With Double N The smallest form of money in the USA Penny
50%
Presidents During The Gilded Age (1865 - 1902) President from 1877-1881 Rutherford B. Hayes
50%
Jamaican Parishes Name a Jamaican parish that starts with St. St. James | St. Catherine | St. Mary | St. Ann | St. Andrew | St. Thomas | St. Elizabeth
50%
Nicktoons Quiz (2010s) It ran from 2012-2017 Teenage Mutant Ninja Turtles
50%
Survival Of The Fittest Name the #5 strongest animal Tiger
50%
Top 20 Smallest Countries (Area) The number four country Tuvalu
50%
States That Border Canada A state that borders Canada that starts with the letter V Vermont
50%
All The Moon Phases The last moon phase Waning Crescent Moon
50%
Fake Or Real Words - Sudden Death Is "collywobbles" a real word? Yes
50%
No matching quizzes found
Score Distribution
Percent of People with Each Score
Percentile by Number Answered
Your Score History
You have not taken this quiz